Спокута Малоросії: Державотворення без парадоксів. Непретензійні нотатки (Запис № 17510)
[ простий вигляд ]
| 000 -Маркер запису | |
|---|---|
| Контрольне поле сталої довжини | 02122nam a22002417a 4500 |
| 003 - Належність контрольного номера | |
| Контрольне поле | Uzh_bibl |
| 008 - Кодовані дані | |
| Контрольне поле сталої довжини | 260423b |||||||| |||| 00| 0 ukr d |
| 020 ## - Індекс ISBN | |
| ISBN | 966-603-117-5 |
| Ціна | 23.16 |
| 040 ## - Джерело каталогіз. | |
| Код мови каталог. | укр. |
| 041 ## - Код мови видання | |
| Код мови оригіналу | українська |
| Код мови тексту | українська |
| 080 ## - Індекс УДК | |
| Індекс УДК | 94(477) |
| 090 ## - Шифри | |
| Поличний індекс | 94(477) |
| Авторський знак | Г 85 |
| 100 ## - Автор | |
| Автор | Гринів,Олег |
| 245 ## - Назва | |
| Назва | Спокута Малоросії: Державотворення без парадоксів. Непретензійні нотатки |
| Фізичний носій | Текст |
| 260 ## - Вихідні дані | |
| Місце видання | Львів |
| Видавництво | Світ |
| Дата видання | 2001 |
| 300 ## - Фізичний опис | |
| Обсяг | 368 с. |
| Тип одиниці | В опр. |
| 520 ## - Анотація | |
| Анотація | Книга відомого вченого-політолога і публіциста присвячена дослідженню історичного досвіду національного державотворення в Україні. Всебічно розглядаються різноманітні аспекти духовного відродження і національного державотворення, погляди десидентів-шістдесятників, національно налаштованих діячів науки, літератури і мистецтва. Обгрунтовано роль різних політичних інституцій у процесі остаточного демонтажу залишків московського колоніалізму. Розвінчуються догматичні концепції антидержавних ідеологів, які намагаються реанімувати в Україні проімперську політику російських шовіністів. |
| 521 ## - Примітка про цільове призначення | |
| Примітка про цільове призначення | Для наукових працівників, студентів, усіх, хто цікавиться проблемами українського національного відродження |
| 546 ## - Примітка про мову | |
| Примітка про мову | укр. |
| 650 ## - Тематичні рубрики | |
| Основна рубрика | Науково-популярне видання |
| Типове ділення | Історія України |
| 653 ## - Ключові слова | |
| Ключові слова | Державотворення |
| -- | Дисиденти |
| -- | Ідеологія |
| 942 ## - ADDED ENTRY ELEMENTS (KOHA) | |
| Джерело класифікації чи схема поличного розташування | |
| Koha item type | Книги |
| Статус вилучення | Статус втрати/відсутності | Джерело класифікації чи схема поличного розташування | Статус пошкодження | Тип обігу (не для випозичання) | Постійне розташування | Поточне розташування | Розташування у відділі | Дата надходження | Інвентарний номер | Total Checkouts | Повний (примірниковий) шифр зберігання | Штрих-код | Date last seen | Дата, для якої чинна ціна заміни | Тип одиниці (рівень примірника) |
|---|---|---|---|---|---|---|---|---|---|---|---|---|---|---|---|
| Публічна бібліотека | Публічна бібліотека | Абонемент | 23/04/2026 | 50633 | 94(477) | 19343 | 23/04/2026 | 23/04/2026 | Книги |